Smyčka : narušili klid dávného přízraku a Hagen neodpouští /
Legenda o Hagenovi znovu ožívá! Nebo snad nikdy nezemřela? Trampský psychothriller s využitím moderní lidové slovesnosti.
Uloženo v:
| Hlavní autor: | |
|---|---|
| Médium: | Kniha |
| Jazyk: | Czech |
| Vydáno: |
V Praze :
XYZ,
2026
|
| Vydání: | První vydání |
| Témata: | |
| Celkem bylo vypůjčeno: | 1x |
| Tagy: |
Žádné tagy |
| LEADER | 01997nam a2200373 i 4500 | ||
|---|---|---|---|
| 001 | 106724 | ||
| 003 | CZ PrNK | ||
| 005 | 20260702091337.0 | ||
| 007 | ta | ||
| 008 | 260611s2026 xr g 000 f cze | ||
| 015 | |a cnb003762671 | ||
| 020 | |a 9788026770282 |q (vázáno) : |c Kč 399,00 | ||
| 040 | |a ABG001 |b cze |e rda | ||
| 072 | 7 | |a 821.162.3-3 |x Česká próza |2 Konspekt |9 25 | |
| 080 | |a 821.162.3-31 |2 MRF | ||
| 080 | |a (0:82-312.4) |2 MRF | ||
| 100 | 1 | |a Gajdošík, Radek, |d 1981- |7 xx0346432 |4 aut |9 117565 | |
| 245 | 1 | 0 | |a Smyčka : |b narušili klid dávného přízraku a Hagen neodpouští / |c Radek Gajdošík |
| 250 | |a První vydání | ||
| 264 | 1 | |a V Praze : |b XYZ, |c 2026 | |
| 300 | |a 253 stran ; |c 21 cm | ||
| 336 | |a text |b txt |2 rdacontent | ||
| 337 | |a bez média |b n |2 rdamedia | ||
| 338 | |a svazek |b nc |2 rdacarrier | ||
| 520 | 2 | |a Legenda o Hagenovi znovu ožívá! Nebo snad nikdy nezemřela? Trampský psychothriller s využitím moderní lidové slovesnosti. |b V opuštěném lomu u Velké a Malé Ameriky si skupina trampů vypráví u táboráku děsivé historky, aniž by tušila, že je z temných katakomb někdo sleduje. O něco později vyráží z Ostravy do Středočeského kraje dvojice přátel, Johana a František. Zatímco ona hledá romantiku, on touží po dobrodružství. Netuší však, že jejich idylické putování se brzy změní v boj o zdravý rozum i holý život, když budou nuceni čelit temnotě, strachu a silám, které přesahují jejich chápání. Nakladatelská anotace. | |
| 655 | 7 | |a české romány |7 fd133974 |2 czenas |9 54031 | |
| 655 | 7 | |a thrillery (romány) |7 fd184206 |2 czenas |9 54254 | |
| 655 | 9 | |a Czech fiction |2 eczenas | |
| 655 | 9 | |a thrillers (novels) |2 eczenas | |
| 710 | 2 | |a XYZ (nakladatelství) |7 xx0213151 |4 pbl |9 117186 | |
| 910 | |a UOG502 | ||
| 942 | |2 ddc |c KN | ||
| 999 | |d 106724 | ||
| 993 | |0 0 |1 421180107454 |2 ddc |4 0 |7 0 |9 100239 |b 0 |c 107454 |d 2026-07-02 |e 1 |f DOSP |h 399.00 |i Koupě |l DOSP |q 2026-08-14 |r 2026-07-03 |s 2026-07-03 |t 6 |w 2026-07-02 |y KN |z BELET |n | ||